000 01112nam a2200301 i 4500
003 EG-GICUC
005 20260121101719.0
008 260112s1981 ua ||||fr|||| 000 0 ara d
040 _a EG-GICUC
_bara
_c EG-GICUC
_d EG-GICUC
_erda
041 0 _aara
082 0 4 _221
_a345.66
_bم ح . ن
092 0 4 _221
099 _aLaw1 07 345.66 أ ن . ق 1981
100 0 _aمحمد السنارى
_eمؤلف.
245 1 2 _aنفاذ القرارات الإدارية :
_bدراسة مقارنة /
_cدكتور محمد السنارى.
264 1 _a[مكان النشر غير محد] :
_b[الناشر غير محدد]،
_c[1981].
300 _a 461 ؛ صفحة
_c24 سم.
336 _2rda content
_atext
337 _2rda media
_aComputer
338 _2rda carrier
_aOnline Resource
504 _a. 451-456 ببليوجرافيا: صفحات
546 _aالنص باللغة العربية
650 1 4 _aنفاذ القرارات الإدارية
650 1 4 _aالقانون الإداري
856 4 0 _uhttps://fll.law.cu.edu.eg/fulltext/bks/B07-02225.pdf
905 _a77
942 _2ddc
_cBK
_e21
_n0
999 _c56510
_d56510